000 00747nam a2200241Ia 4500
003 OSt
005 20220925230723.0
006 a|||||r|||| 00| 0
007 ta
008 220923b |||||||| |||| 00| 0 eng d
037 _cGeneral Book
040 _aRTL
_cRTL
_beng
041 _2eng
_aeng
082 _aX9(F55).1.P, M7
110 _aWorld Commission on Environment and Development
_9263181
245 0 _aEnergy 2000
_bA global strategy for sustainable deve
260 _aLondon
_bZed Books UK
_c1987
300 _aix, 76p. Bib p. 69-71,Glossar
_ccm.
650 _aFuel
700 _aWorld Commission on Environment and Development
_9263182
942 _hX9(F55).1.P, M7
_cGB
_2CC
999 _c586425
_d586425